[Event "MDA-ch (Women)"]
[Site "Kishinev"]
[Date "2024.02.09"]
[Round "7"]
[White "Petrenko, Svetlana"]
[Black "Petricenco, Ana"]
[Result "1/2-1/2"]
[WhiteElo "2014"]
[BlackElo "2032"]
[PlyCount "120"]
[EventDate "2024.02.03"]
[EventType "swiss"]
[EventRounds "7"]
[EventCountry "MDA"]
[SourceTitle "CB07_2024"]
[SourceDate "2024.02.14"]
[SourceVersion "1"]
[SourceVersionDate "2024.02.14"]
[SourceQuality "1"]

1. d4 Nf6 2. g3 e6 3. Bg2 d5 4. Nf3 b5 5. Ne5 Nfd7 6. f4 f6 7. Nxd7 Nxd7 8. e4 Nb6 9. Qe2 Bb4+ 10. c3 Be7 11. Qxb5+ Bd7 12. Qe2 0-0 13. 0-0 Re8 14. e5 fxe5 15. fxe5 Bg5 16. Bxg5 Qxg5 17. b3 a5 18. a4 Bc8 19. Qf3 Qe7 20. Rf2 Ba6 21. Qe3 Nd7 22. Nd2 Rab8 23. Bf1 Bxf1 24. Raxf1 Rf8 25. Rxf8+ Rxf8 26. Rxf8+ Qxf8 27. c4 dxc4 28. Nxc4 Qb4 29. d5 exd5 30. e6 Nf6 31. e7 Kf7 32. e8Q+ Nxe8 33. Ne5+ Kg8 34. Nc6 Qb6 35. Qxb6 cxb6 36. Ne7+ Kf7 37. Nxd5 Ke6 38. Nxb6 Nd6 39. Kf2 Ne4+ 40. Ke3 Nc5 41. Kd4 Nxb3+ 42. Kc4 Nd2+ 43. Kb5 Ne4 44. Kxa5 Nc3 45. Kb4 Nxa4 46. Nxa4 Kf5 47. Kc4 Kg4 48. Kd4 Kh3 49. Ke4 h5 50. Nc5 Kxh2 51. Kf3 h4 52. g4 Kg1 53. g5 h3 54. Ne4 h2 55. Nf2 g6 56. Nh3+ Kf1 57. Nf2 Kg1 58. Kg3 Kf1 59. Nh1 Kg1 60. Nf2 Kf1 1/2-1/2

[Event "Cheliabinsk Lozovatsky Memorial-A"]
[Site "Cheliabinsk"]
[Date "2022.01.31"]
[Round "10"]
[White "Danilenko, Denis O"]
[Black "Petrenko, Svetlana"]
[Result "1/2-1/2"]
[WhiteElo "2011"]
[BlackElo "2054"]
[PlyCount "40"]
[EventDate "2022.01.22"]
[EventType "swiss"]
[EventRounds "10"]
[EventCountry "RUS"]
[SourceTitle "EXT 2023"]
[Source "ChessBase"]
[SourceDate "2022.10.05"]
[SourceVersion "1"]
[SourceVersionDate "2022.10.05"]
[SourceQuality "1"]

1. d4 e6 2. Nf3 d5 3. Bf4 f5 4. e3 Nf6 5. Bd3 Be7 6. 0-0 0-0 7. Ne5 Nbd7 8. Nd2 Nxe5 9. Bxe5 Ng4 10. Bg3 Bd6 11. Bxd6 Qxd6 12. Nf3 e5 13. dxe5 Nxe5 14. Be2 Rf6 15. Nxe5 Qxe5 16. Qd4 Qxd4 17. exd4 f4 18. Bf3 c6 19. Rfe1 Bf5 20. c3 Kf8 1/2-1/2

[Event "Cheliabinsk Panchenko Memorial op-B"]
[Site "Cheliabinsk"]
[Date "2021.09.21"]
[Round "10"]
[White "Petrenko, Svetlana"]
[Black "Shafigullina, Zarina"]
[Result "1-0"]
[WhiteElo "2054"]
[BlackElo "2204"]
[PlyCount "68"]
[EventDate "2021.09.13"]
[EventType "swiss"]
[EventRounds "10"]
[EventCountry "RUS"]
[SourceTitle "CBM 204 Extra"]
[Source "ChessBase"]
[SourceDate "2021.11.30"]
[SourceVersion "1"]
[SourceVersionDate "2021.11.30"]
[SourceQuality "1"]

1. c4 Nf6 2. Nf3 b6 3. b3 Bb7 4. e3 c5 5. Bb2 e6 6. Be2 Be7 7. 0-0 0-0 8. d4 cxd4 9. Nxd4 a6 10. Nc3 d6 11. Bf3 Ra7 12. Rc1 Qd7 13. Bxb7 Rxb7 14. Qe2 Rc8 15. Rfd1 Nc6 16. Nf3 Na5 17. e4 Qc7 18. Ba3 Qb8 19. Qd3 Rd7 20. Bb2 h6 21. h3 Rb7 22. Ba3 Ne8 23. Qd2 Nc6 24. Ne2 b5 25. Bb2 Ne5 26. cxb5 Rxc1 27. Qxc1 Nxf3+ 28. gxf3 Rxb5 29. Qc6 Bg5 30. Kg2 a5 31. Ba3 Rb6 32. Qc4 Qa8 33. f4 Rc6 34. Qd4 Bd8 1-0

[Event "Cheliabinsk Panchenko Memorial op-B"]
[Site "Cheliabinsk"]
[Date "2021.09.19"]
[Round "8"]
[White "Petrenko, Svetlana"]
[Black "Yakubbaeva, Nilufar"]
[Result "1/2-1/2"]
[WhiteElo "2054"]
[BlackElo "2250"]
[PlyCount "153"]
[EventDate "2021.09.13"]
[EventType "swiss"]
[EventRounds "10"]
[EventCountry "RUS"]
[SourceTitle "CBM 204 Extra"]
[Source "ChessBase"]
[SourceDate "2021.11.30"]
[SourceVersion "1"]
[SourceVersionDate "2021.11.30"]
[SourceQuality "1"]

1. e4 c6 2. d4 d5 3. e5 Bf5 4. Nf3 e6 5. Be2 c5 6. 0-0 Nc6 7. c3 Nge7 8. dxc5 Ng6 9. Nd4 Bxc5 10. Nxf5 exf5 11. Bf3 Ngxe5 12. Bxd5 0-0 13. b4 Bb6 14. b5 Na5 15. Bf4 Qf6 16. Bxe5 Qxe5 17. Re1 Qc7 18. Qf3 Rad8 19. Nd2 Bxf2+ 20. Qxf2 Rxd5 21. c4 Rc5 22. Rac1 b6 23. Qe2 g6 24. Qe7 Kg7 25. Nb3 Qxe7 26. Rxe7 Rxc4 27. Rxc4 Nxc4 28. Rxa7 Rd8 29. Rc7 Ne5 30. h3 Rd5 31. a4 Rd3 32. Nc5 bxc5 33. Rxc5 Rd1+ 34. Kh2 Kf6 35. b6 Ke6 36. a5 Rb1 37. Rc8 Kd7 38. Rf8 Kc6 39. a6 Nd7 40. a7 Nxb6 41. Rxf7 Ra1 42. Rxh7 Nd7 43. Rg7 Ne5 44. Kg3 Ra4 45. Rh7 Kd6 46. h4 Ke6 47. Rc7 f4+ 48. Kf2 Kf5 49. Re7 Ra2+ 50. Kf1 Nc4 51. Ke1 Ne5 52. Kf1 Ra6 53. Ke2 Nc6 54. Rc7 Ra2+ 55. Kd3 Nxa7 56. Rc5+ Kf6 57. Ke4 Ra4+ 58. Kf3 Rb4 59. g3 fxg3 60. Kxg3 Nb5 61. h5 g5 62. Rc6+ Kf7 63. Rb6 Rb1 64. h6 Rb4 65. Rb7+ Kg6 66. h7 Rh4 67. Rb6+ Kxh7 68. Rxb5 Kh6 69. Rb6+ Kh5 70. Rb8 Rg4+ 71. Kf3 Rg1 72. Rh8+ Kg6 73. Rg8+ Kf7 74. Ra8 Ke6 75. Kf2 Rd1 76. Rf8 Rd5 77. Kg3 1/2-1/2

[Event "EU-ch (Women) 21st"]
[Site "Iasi"]
[Date "2021.08.20"]
[Round "11"]
[White "Zelbova, Lada"]
[Black "Petrenko, Svetlana"]
[Result "0-1"]
[WhiteElo "2070"]
[BlackElo "2018"]
[PlyCount "136"]
[EventDate "2021.08.09"]
[EventType "swiss"]
[EventRounds "11"]
[EventCountry "ROU"]
[SourceTitle "CBM 203 Extra"]
[Source "ChessBase"]
[SourceDate "2021.09.30"]
[SourceVersion "1"]
[SourceVersionDate "2021.09.30"]
[SourceQuality "1"]

1. e4 d6 2. d4 Nf6 3. Nc3 c6 4. a4 g6 5. Bc4 Bg7 6. Nf3 d5 7. Bd3 dxe4 8. Nxe4 Nxe4 9. Bxe4 0-0 10. 0-0 Be6 11. Re1 Na6 12. Bg5 Nc7 13. Qd2 Re8 14. Qb4 Rb8 15. Bf4 Na6 16. Qd2 Rc8 17. Bd3 Bd5 18. Ng5 f6 19. Ne4 Qd7 20. Qe2 f5 21. Nc3 Nb4 22. Bc4 Bxd4 23. Nxd5 cxd5 24. Bb3 Bxb2 25. Rad1 Bc3 26. Bd2 e6 27. Qe3 Bxd2 28. Qxd2 a5 29. c4 Qd6 30. g3 Red8 31. cxd5 exd5 32. Qd4 Re8 33. Rxe8+ Rxe8 34. Bxd5+ Qxd5 35. Qxd5+ Nxd5 36. Rxd5 Re1+ 37. Kg2 b6 38. Rb5 Re6 39. h4 Kf7 40. h5 Kf6 41. hxg6 hxg6 42. Kf3 Ke7 43. g4 fxg4+ 44. Kxg4 Re4+ 45. Kf3 Re6 46. Kg4 Kd7 47. f4 Kc7 48. Kf3 Re1 49. Rg5 Ra1 50. Rxg6 Rxa4 51. f5 Rb4 52. Re6 Rb1 53. Kf2 Rb5 54. f6 Kd7 55. Re7+ Kd6 56. Ke2 Rf5 57. Rb7 Kc6 58. Rf7 Kb5 59. Kd3 a4 60. Kc3 Rf3+ 61. Kc2 Kb4 62. Rf8 Rf2+ 63. Kd3 a3 64. Ke3 Rf1 65. Ra8 Rxf6 66. Kd2 Kb3 67. Ra6 Kb2 68. Ra4 Rd6+ 0-1

[Event "EU-ch (Women) 21st"]
[Site "Iasi"]
[Date "2021.08.16"]
[Round "7"]
[White "Charochkina, Daria"]
[Black "Petrenko, Svetlana"]
[Result "1-0"]
[WhiteElo "2340"]
[BlackElo "2018"]
[PlyCount "139"]
[EventDate "2021.08.09"]
[EventType "swiss"]
[EventRounds "11"]
[EventCountry "ROU"]
[SourceTitle "CBM 203 Extra"]
[Source "ChessBase"]
[SourceDate "2021.09.30"]
[SourceVersion "1"]
[SourceVersionDate "2021.09.30"]
[SourceQuality "1"]

1. Nf3 d5 2. g3 g6 3. Bg2 Bg7 4. d4 Nf6 5. 0-0 0-0 6. Be3 Ng4 7. Bf4 f5 8. h3 Nf6 9. Qc1 Ne4 10. Rd1 c6 11. c4 Be6 12. Nbd2 Nxd2 13. Ng5 Bf7 14. Qxd2 e6 15. Qe3 Re8 16. g4 Nd7 17. gxf5 gxf5 18. cxd5 exd5 19. Nxf7 Kxf7 20. Qd3 Qf6 21. Kh1 Kg8 22. Bf3 Kh8 23. Rg1 Rf8 24. Rg3 Qxd4 25. Bh6 Be5 26. Qxd4 Bxd4 27. Bxf8 Rxf8 28. Rg2 Ne5 29. Rb1 a5 30. b3 b5 31. Rd1 Nxf3 32. Rg3 Nd2 33. Rxd2 Bxf2 34. Rf3 Bb6 35. Rc2 Rf6 36. Rfc3 c5 37. Rd3 d4 38. a4 bxa4 39. bxa4 f4 40. Kg2 Rc6 41. Rc4 Rh6 42. Rf3 Rf6 43. Rb3 Rg6+ 44. Kf2 Kg7 45. Rb5 Re6 46. Kf3 Kf6 47. Rc2 Rc6 48. Kxf4 c4 49. Ke4 Re6+ 50. Kd5 c3 51. Kc4 Rc6+ 52. Kd5 Re6 53. Rc1 Re5+ 54. Kc4 Re6 55. h4 h6 56. Rcb1 Bd8 57. Kxd4 Rxe2 58. Kxc3 Re4 59. Rd1 Be7 60. Rd4 Bb4+ 61. Kc4 Re1 62. Rf4+ Ke6 63. Rh5 Ke7 64. Kb5 Re6 65. Rc4 Bd2 66. Rc2 Bb4 67. Rc7+ Kd8 68. Rh7 Be1 69. R5xh6 Re4 70. Rg6 1-0

[Event "EU-ch (Women) 21st"]
[Site "Iasi"]
[Date "2021.08.13"]
[Round "5"]
[White "Petrenko, Svetlana"]
[Black "Sieber, Fiona"]
[Result "0-1"]
[WhiteElo "2018"]
[BlackElo "2254"]
[PlyCount "64"]
[EventDate "2021.08.09"]
[EventType "swiss"]
[EventRounds "11"]
[EventCountry "ROU"]
[SourceTitle "CBM 203 Extra"]
[Source "ChessBase"]
[SourceDate "2021.09.30"]
[SourceVersion "1"]
[SourceVersionDate "2021.09.30"]
[SourceQuality "1"]

1. e4 c5 2. Nf3 e6 3. d4 cxd4 4. Nxd4 a6 5. c4 Nf6 6. Nc3 Qc7 7. Nc2 b6 8. Bd3 Nc6 9. f4 Nb4 10. Nxb4 Bxb4 11. Qe2 Bb7 12. 0-0 d6 13. Bd2 0-0 14. Kh1 Bc5 15. Rf3 Bd4 16. Rh3 g6 17. Rf1 Rfe8 18. Qe1 Ng4 19. Qh4 f5 20. b3 Qg7 21. Nd1 Nf6 22. exf5 exf5 23. Bc3 Bxc3 24. Nxc3 Re7 25. Qf2 Ng4 26. Qxb6 Qxc3 27. Be4 Qg7 28. Bf3 Rae8 29. Bd5+ Bxd5 30. cxd5 Re1 31. Rhf3 Qa1 32. Qg1 R8e2 0-1

[Event "MDA-ch (Women)"]
[Site "Kishinev"]
[Date "2020.02.05"]
[Round "8"]
[White "Verbin, Valentina"]
[Black "Petrenko, Svetlana"]
[Result "1-0"]
[WhiteElo "1992"]
[BlackElo "2086"]
[PlyCount "101"]
[EventDate "2020.01.29"]
[EventType "tourn"]
[EventRounds "9"]
[EventCountry "MDA"]
[SourceTitle "CBM 195 Extra"]
[Source "ChessBase"]
[SourceDate "2020.05.31"]
[SourceVersion "1"]
[SourceVersionDate "2020.05.31"]
[SourceQuality "1"]

1. e4 d6 2. d4 Nf6 3. Nc3 c6 4. Nf3 g6 5. Be2 Bg7 6. 0-0 0-0 7. a4 a5 8. h3 Na6 9. Be3 Nb4 10. Rc1 b6 11. Qd2 Ba6 12. Bxa6 Rxa6 13. Bh6 Ra7 14. Bxg7 Kxg7 15. Qf4 e6 16. Rfd1 Rd7 17. Ne2 c5 18. c3 Nc6 19. Ng3 h6 20. d5 e5 21. Qd2 Ne7 22. Nh2 Nfg8 23. b4 f5 24. f3 f4 25. Ngf1 axb4 26. cxb4 Ra7 27. Ra1 Qc7 28. Rdc1 Rfa8 29. Qc2 Nf6 30. b5 h5 31. Nd2 g5 32. Nc4 Rb7 33. Qb2 Ng6 34. a5 bxa5 35. b6 Qd8 36. Qb5 a4 37. Qc6 Rd7 38. Rxa4 Rxa4 39. Qxa4 Ne7 40. Ra1 Ne8 41. Qa8 Qxa8 42. Rxa8 Kf7 43. Nf1 Ng8 44. b7 Rxb7 45. Rxe8 Kxe8 46. Nxd6+ Kd7 47. Nxb7 c4 48. Kf2 Nf6 49. Ke2 g4 50. Na5 gxf3+ 51. gxf3 1-0

[Event "MDA-ch (Women)"]
[Site "Kishinev"]
[Date "2020.01.30"]
[Round "2"]
[White "Petrenko, Svetlana"]
[Black "Mihailova, Alina"]
[Result "1-0"]
[WhiteElo "2086"]
[BlackElo "1773"]
[PlyCount "73"]
[EventDate "2020.01.29"]
[EventType "tourn"]
[EventRounds "9"]
[EventCountry "MDA"]
[SourceTitle "CBM 195 Extra"]
[Source "ChessBase"]
[SourceDate "2020.05.31"]
[SourceVersion "1"]
[SourceVersionDate "2020.05.31"]
[SourceQuality "1"]

1. Nf3 d5 2. b3 c6 3. Bb2 Nf6 4. e3 Bf5 5. Be2 h6 6. 0-0 e6 7. c4 Nbd7 8. d4 Bd6 9. Ne5 Qc7 10. f4 0-0 11. Nd2 c5 12. Rc1 Rfc8 13. g4 Bh7 14. Rf2 dxc4 15. Ndxc4 Ne4 16. Rg2 Bxe5 17. dxe5 Nb6 18. Qe1 Nd5 19. Bf1 Rd8 20. a3 a5 21. Nd2 Qb6 22. Bc4 a4 23. f5 exf5 24. gxf5 Bxf5 25. e6 f6 26. e7 Rd7 27. Qh4 Ng5 28. e4 Be6 29. exd5 Bxd5 30. Re1 Re8 31. Qh5 Rexe7 32. Rxe7 Rxe7 33. Bxd5+ Kh8 34. Bc4 Qd6 35. Re2 Rd7 36. Qe8+ Kh7 37. Bg8+ 1-0

[Event "Cheliabinsk December Evenings-A"]
[Site "Cheliabinsk"]
[Date "2019.12.22"]
[Round "9"]
[White "Petrenko, Svetlana"]
[Black "Nasyrova, Ekaterina"]
[Result "0-1"]
[WhiteElo "2119"]
[BlackElo "2153"]
[PlyCount "174"]
[EventDate "2019.12.14"]
[EventType "tourn"]
[EventRounds "9"]
[EventCountry "RUS"]
[SourceTitle "CBM 194 Extra"]
[Source "ChessBase"]
[SourceDate "2020.03.31"]
[SourceVersion "1"]
[SourceVersionDate "2020.03.31"]
[SourceQuality "1"]

1. e4 e5 2. Nf3 Nc6 3. Bb5 Nf6 4. Qe2 Bc5 5. c3 0-0 6. Bxc6 bxc6 7. Nxe5 d6 8. d4 Bb6 9. Nxc6 Qe8 10. Nb4 a5 11. Nd3 Nxe4 12. 0-0 Ba6 13. Rd1 f5 14. Qc2 Qf7 15. f3 Nf6 16. Be3 c6 17. Bf2 Rfe8 18. Nf4 g5 19. Nh3 Nd5 20. Nxg5 Qg6 21. Nh3 Be2 22. Rd2 Bxf3 23. Bg3 Be4 24. Qb3 Rab8 25. Qc4 Kh8 26. Na3 Qh6 27. Rf2 Ne3 28. Bf4 Nxc4 29. Bxh6 Nxa3 30. bxa3 c5 31. Rd1 Re6 32. Bf4 h6 33. d5 Rg6 34. c4 a4 35. Bd2 Bd8 36. Nf4 Rg8 37. Bc3+ Kh7 38. g3 Bg5 39. Kf1 Rb7 40. Ke1 Rgb8 41. h4 Bxf4 42. Rxf4 h5 43. Rf1 Kg6 44. Kf2 Re8 45. Rfe1 Kf7 46. Re2 Reb8 47. Ree1 Ke8 48. Rd2 Kd7 49. Rdd1 Rg8 50. Rd2 Rg4 51. Bf6 Rg6 52. Bg5 Ke8 53. Bf4 Ke7 54. Ree2 Rg8 55. Bg5+ Kd7 56. Re1 Rgb8 57. Bf6 Rb1 58. Rdd1 R1b6 59. Rd2 Ke8 60. Bc3 Kf7 61. Rdd1 Kg6 62. Rd2 R6b7 63. Rdd1 Re8 64. Re2 Kf7 65. Ree1 Rg8 66. Rd2 Re7 67. Rb2 f4 68. Rg1 Bd3 69. gxf4 Rxg1 70. Kxg1 Bxc4 71. Rb6 Rd7 72. Kf2 Bxd5 73. Ra6 Bxa2 74. Rxa4 Kg6 75. Ra8 Kf5 76. Kg3 Ke4 77. a4 d5 78. Re8+ Kd3 79. Bf6 d4 80. Re5 Bd5 81. f5 c4 82. Bg5 c3 83. a5 Kc4 84. Re8 d3 85. Rc8+ Kb3 86. Rb8+ Kc2 87. Re8 d2 0-1

[Event "Cheliabinsk December Evenings-A"]
[Site "Cheliabinsk"]
[Date "2019.12.17"]
[Round "4"]
[White "Filippova, Darya"]
[Black "Petrenko, Svetlana"]
[Result "1-0"]
[WhiteElo "2012"]
[BlackElo "2119"]
[PlyCount "69"]
[EventDate "2019.12.14"]
[EventType "tourn"]
[EventRounds "9"]
[EventCountry "RUS"]
[SourceTitle "CBM 194 Extra"]
[Source "ChessBase"]
[SourceDate "2020.03.31"]
[SourceVersion "1"]
[SourceVersionDate "2020.03.31"]
[SourceQuality "1"]

1. d4 d5 2. c4 e6 3. Nf3 Nf6 4. Nc3 Be7 5. Bf4 0-0 6. e3 Nh5 7. Bg3 f5 8. Bd3 c6 9. Nd2 g6 10. Qe2 Nd7 11. 0-0-0 a5 12. Kb1 a4 13. a3 dxc4 14. Bxc4 Nb6 15. Ba2 Nd5 16. Rc1 Bd7 17. Be5 b5 18. g4 fxg4 19. e4 Ndf6 20. d5 exd5 21. exd5 Bf5+ 22. Ka1 Nxd5 23. Nxd5 cxd5 24. Qxb5 Be6 25. Rhe1 Bg5 26. Bc7 Qe8 27. Rc6 Ng7 28. Bxd5 Bxd2 29. Rexe6 Nxe6 30. Rxe6 Kg7 31. Rxe8 Raxe8 32. Qd7+ Kh6 33. Qxg4 Re1+ 34. Ka2 Bg5 35. Qh3+ 1-0

[Event "Braila Albulet Memorial (Women) 12th"]
[Site "Braila"]
[Date "2019.10.07"]
[Round "7"]
[White "Petrenko, Svetlana"]
[Black "Didiliuc, Dariana Gabriela"]
[Result "1/2-1/2"]
[WhiteElo "2112"]
[BlackElo "1798"]
[PlyCount "83"]
[EventDate "2019.10.02"]
[EventType "swiss"]
[EventRounds "9"]
[EventCountry "ROU"]
[SourceTitle "EXT 2020"]
[Source "ChessBase"]
[SourceDate "2019.10.17"]
[SourceVersion "1"]
[SourceVersionDate "2019.10.17"]
[SourceQuality "1"]

1. d4 Nf6 2. b3 g6 3. Bb2 Bg7 4. Nf3 0-0 5. g3 d6 6. Bg2 c5 7. 0-0 Nbd7 8. e3 Rb8 9. a4 b6 10. c4 e6 11. Nc3 a6 12. e4 Bb7 13. Re1 Qc7 14. d5 e5 15. Nh4 Qd8 16. Bh3 Bc8 17. Bc1 Ne8 18. Ra2 Ndf6 19. Bf1 Ng4 20. Bd3 Nh6 21. Qc2 a5 22. Nd1 f5 23. exf5 Nxf5 24. Nxf5 gxf5 25. f3 Rb7 26. Ne3 Rbf7 27. Ng2 Qf6 28. Nh4 Bh6 29. Bxh6 Qxh6 30. Ng2 Rg7 31. f4 exf4 32. Qc1 Nf6 33. Qxf4 Ng4 34. Qxh6 Nxh6 35. Nf4 Ng4 36. Bc2 Ne5 37. Kg2 Ng6 38. Kf3 Ne5+ 39. Kf2 Re7 40. h3 Rfe8 41. Raa1 Ng6 42. Rxe7 1/2-1/2

[Event "Satka Autumn op (Women)"]
[Site "Satka"]
[Date "2019.09.25"]
[Round "7"]
[White "Petrenko, Svetlana"]
[Black "Benderac, Ana"]
[Result "1/2-1/2"]
[WhiteElo "2200"]
[BlackElo "2228"]
[PlyCount "51"]
[EventDate "2019.09.19"]
[EventType "swiss"]
[EventRounds "9"]
[EventCountry "RUS"]
[SourceTitle "EXT 2020"]
[Source "ChessBase"]
[SourceDate "2019.10.17"]
[SourceVersion "1"]
[SourceVersionDate "2019.10.17"]
[SourceQuality "1"]

1. e4 d6 2. d4 Nf6 3. Nc3 e5 4. dxe5 dxe5 5. Qxd8+ Kxd8 6. Bc4 Bb4 7. Bd2 Ke7 8. Nge2 Be6 9. Bxe6 Kxe6 10. f3 c6 11. 0-0-0 a5 12. g4 Rd8 13. h4 Na6 14. h5 g6 15. Ng3 b5 16. Nce2 Bxd2+ 17. Rxd2 Rxd2 18. Kxd2 Rd8+ 19. Kc1 Nc5 20. hxg6 hxg6 21. Rd1 Rh8 22. Rh1 Rd8 23. Rd1 Rh8 24. Rh1 Rd8 25. Rd1 Rh8 26. Rh1 1/2-1/2

[Event "Satka Autumn op (Women)"]
[Site "Satka"]
[Date "2019.09.20"]
[Round "2"]
[White "Voskresenskaya, Marta"]
[Black "Petrenko, Svetlana"]
[Result "1/2-1/2"]
[WhiteElo "1907"]
[BlackElo "2200"]
[PlyCount "120"]
[EventDate "2019.09.19"]
[EventType "swiss"]
[EventRounds "9"]
[EventCountry "RUS"]
[SourceTitle "EXT 2020"]
[Source "ChessBase"]
[SourceDate "2019.10.17"]
[SourceVersion "1"]
[SourceVersionDate "2019.10.17"]
[SourceQuality "1"]

1. d4 d5 2. Nf3 Nf6 3. c4 e6 4. Nc3 Be7 5. Bg5 0-0 6. e3 h6 7. Bh4 b6 8. cxd5 exd5 9. Bd3 Bb7 10. 0-0 Nbd7 11. Qe2 a6 12. Rac1 b5 13. a3 c5 14. dxc5 Nxc5 15. Bf5 g6 16. Bb1 Nfe4 17. Bxe7 Qxe7 18. Ba2 Rfd8 19. Rfd1 Nf6 20. Nd4 Rac8 21. Rc2 Rc7 22. Rdc1 Rdc8 23. Qd1 Nce4 24. Nxe4 dxe4 25. Rxc7 Rxc7 26. Rxc7 Qxc7 27. Qc2 Qd6 28. h3 Nd7 29. Qb3 Ne5 30. Qc3 Nd3 31. Bb1 Qc5 32. Qxc5 Nxc5 33. Kf1 Na4 34. b4 Bd5 35. Bc2 Nb6 36. Ke1 Kf8 37. Bb3 Bxb3 38. Nxb3 Nc4 39. Nc5 Nxa3 40. Nxa6 Ke7 41. Kd2 Kd6 42. Kc3 f5 43. Nc5 Kd5 44. h4 Nc4 45. Nb3 Ne5 46. Nd4 Ng4 47. Nxb5 Nxf2 48. Nc7+ Kd6 49. Nb5+ Kc6 50. Nd4+ Kd5 51. h5 gxh5 52. Nxf5 Nd1+ 53. Kd2 Nf2 54. Kc3 Nd1+ 55. Kd2 Nb2 56. Ng3 Nc4+ 57. Ke2 Nd6 58. Nxh5 Kc4 59. Nf4 Kxb4 60. Nd5+ Kc4 1/2-1/2

[Event "Cheliabinsk Panchenko Memorial op"]
[Site "Cheliabinsk"]
[Date "2019.09.17"]
[Round "9"]
[White "Filippova, Margarita"]
[Black "Petrenko, Svetlana"]
[Result "0-1"]
[WhiteElo "1954"]
[BlackElo "2200"]
[PlyCount "68"]
[EventDate "2019.09.09"]
[EventType "swiss"]
[EventRounds "9"]
[EventCountry "RUS"]
[SourceTitle "EXT 2020"]
[Source "ChessBase"]
[SourceDate "2019.10.17"]
[SourceVersion "1"]
[SourceVersionDate "2019.10.17"]
[SourceQuality "1"]

1. Nf3 b5 2. d4 Bb7 3. Bf4 Nf6 4. e3 a6 5. c3 e6 6. a4 b4 7. Bd3 c5 8. 0-0 d5 9. Ne5 c4 10. Be2 b3 11. Nd2 Nc6 12. e4 Be7 13. Bf3 Na5 14. Re1 0-0 15. Qe2 dxe4 16. Nxe4 Nd5 17. Be3 Qc7 18. Nd2 Rac8 19. Bh5 Bd6 20. Qg4 Nf6 21. Qh4 Bxe5 22. dxe5 Qxe5 23. Bf3 Bxf3 24. Nxf3 Qh5 25. Qd4 Qd5 26. Qh4 Qh5 27. Qd4 Nd5 28. Bg5 Nc6 29. Qe4 Qg6 30. Qxc4 Ncb4 31. Qxb3 Nc2 32. c4 Rb8 33. Qa2 Ndb4 34. Qb1 Nxe1 0-1